000
00312nam a22001337a 4500
008
210521b ||||| |||| 00| 0 eng d
041
_a
eng
080
_a
159.9
082
_a
159.9
100
_a
48
101
_a
PSI
245
_a
Contemporary Issues in Educational Psychology
_c
Clarizio,H.F
942
_2
udc
_c
BK
999
_c
57576
_d
57576